000 00493ntaaa2200193 4500
003 01
005 20251027202445.0
008 0714s1973 ag 01
040 _aAR-BaBN
_bspa
_cAR-BaBN
_eaacr
_dRIC
082 _a266.0690 J66
100 _aJohnson, Johnni
_923309
245 _aWhat do missionaries do?
250 _a1 ed.
260 _aNashville :
_bBroadman Press,
_cc1964
300 _a96 p.
500 _ala obra que realizan los misioneros
650 _aMisioneros
_98422
942 _cBK
999 _c19561
_d19561